ZWIERZĘTA NAJCZĘŚCIEJ POJAWIAJĄCE SIĘ W BAŚNIACH - Statystyki

Ogólne statystyki
  • Ten quiz został rozwiązany 391 razy
  • Średni wynik to 3 z 6
Statystyki odpowiedzi
Odpowiedź % Poprawnych
KOT
90%
WILK
72%
NIEDŹWIEDZ
50%
KACZKA
28%
ŻABA
27%
ŁABĘDŹ
20%
Nie znaleziono quizów pasujących do podanych kryteriów
Rozkład punktacji
Procent ludzi z każdym wynikiem
Percentyl według liczby udzielonych odpowiedzi
Twoja historia wyników
Nie rozwiązałeś tego quizu